| 000 | 00626nam a2200205Ia 4500 | ||
|---|---|---|---|
| 003 | GCL | ||
| 008 | 140319s9999 xx 000 0 ara d | ||
| 040 |
_aGCL / _cGCL |
||
| 082 | 0 | 4 |
_a809 _bط ا |
| 100 | 1 | _aطه ندا | |
| 245 | 1 | 0 |
_aالادب المقارن / _cطه ندا |
| 260 |
_aبيروت : _bدار النهضة العربية للطباعة والنشر ، _c1991 |
||
| 300 |
_a284 ص ؛ _c24 سم |
||
| 650 | 0 | 4 | _aالادب |
| 650 | 0 | 4 | _aالادب الفارسى |
| 650 | 0 | 4 | _aالادب المقارن |
| 650 | 0 | 4 | _aالادب الاسلامى |
| 650 | 0 | 4 | _aالادب الاوربى |
| 942 |
_2ddc _cBK |
||
| 999 |
_c49527 _d49527 |
||